| 000 | 01634nam a2200409 i 4500 | ||
|---|---|---|---|
| 001 | 197047 | ||
| 003 | SpMaBN | ||
| 005 | 20250819055411.0 | ||
| 008 | 250120s2023 sp | ||||o000 0 spa | ||
| 015 | _aMON23 | ||
| 017 |
_aM 23012-2023 _bOficina Depósito Legal Madrid |
||
| 020 | _a9788425919817 | ||
| 024 | 7 |
_a091-23-012-9 _2nipo |
|
| 035 | _a(SpMaBN)a7300905 | ||
| 040 |
_aSpMaBN _bspa _cSpMaBN _erda |
||
| 080 | _a329.18(460.11)(091) | ||
| 100 | 1 |
_aPrada Rodríguez, Julio _9239880 _eaut |
|
| 245 | 1 | 3 |
_aEl fascismo en Galicia : _bde los orígenes al decreto de unificación / _cJulio Prada Rodríguez. |
| 264 | 1 |
_aMadrid : _bCentro de Estudios Políticos y Constitucionales, _c2023. |
|
| 300 |
_a333 páginas ; _c22 cm |
||
| 336 |
_aTexto _2rdacontent |
||
| 337 |
_asin mediación _2rdamedia |
||
| 338 |
_avolumen _2rdacarrier |
||
| 490 | 1 | _aPolítica y sociedad en la historia de España | |
| 504 | _aBibliografía: páginas 321-333 | ||
| 600 | 1 | 4 |
_9142533 _aPrimo de Rivera, José Antonio, _d1903-1936 |
| 610 | 0 | 4 |
_95424 _aJuntas de Ofensiva Nacional-Sindicalista |
| 610 | 2 | 4 |
_94083 _aFalange Española |
| 610 | 2 | 4 |
_9171689 _aFalange Española de las J.O.N.S. (1934-1937) |
| 650 | 0 |
_aFascismo- _zGalicia _9239881 |
|
| 852 |
_aES-MaACL _cDEPOJ _jN-10411 _hDonación: José Lázaro García _xEncuadernación rústica con solapas _9206534 |
||
| 903 |
_9234219 _aLázaro García, José _ednr |
||
| 942 |
_cMONOGRAFIA _n0 |
||
| 999 |
_c197047 _d197047 |
||